Database Management Systems (Record no. 1014)

MARC details
000 -LEADER
fixed length control field 00338nam a22001457a 4500
020 ## - INTERNATIONAL STANDARD BOOK NUMBER
International Standard Book Number 0-07-123151-X
041 ## - LANGUAGE CODE
Language code of text/sound track or separate title ENG
100 ## - MAIN ENTRY--PERSONAL NAME
Personal name Ramakrishnan Raghu
245 ## - TITLE STATEMENT
Title Database Management Systems
250 ## - EDITION STATEMENT
Edition statement International Edition
260 ## - PUBLICATION, DISTRIBUTION, ETC. (IMPRINT)
Place of publication, distribution, etc New Delhi
Name of publisher, distributor, etc McGraw Hill
Date of publication, distribution, etc 2003
300 ## - PHYSICAL DESCRIPTION
Extent 1065
650 ## - SUBJECT ADDED ENTRY--TOPICAL TERM
Topical term or geographic name as entry element M.Tech
856 ## - ELECTRONIC LOCATION AND ACCESS
Uniform Resource Identifier M.Tech ( 7 )
Holdings
Withdrawn status Lost status Source of classification or shelving scheme Damaged status Not for loan Home library Current library Shelving location Date acquired Cost, normal purchase price Total Checkouts Barcode Date last seen Price effective from Koha item type
    Dewey Decimal Classification     College of Agricultural Engineering and Technology, Dapoli , Library College of Agricultural Engineering and Technology, Dapoli , Library Book Cart 09/09/2021 332.00   003636 09/09/2021 09/09/2021 Books
    Dewey Decimal Classification     College of Agricultural Engineering and Technology, Dapoli , Library College of Agricultural Engineering and Technology, Dapoli , Library Book Cart 09/09/2021 332.00   003637 09/09/2021 09/09/2021 Books

Contact Us: College of Agricultural Engineering and Technology, Dapoli, Dist.- Ratnagiri
Website: https://dbskkv.org Email: caetlibrary2015@gmail.com